000 00241nam a2200097Ia 4500
001 799014
005 20250826170839.0
008 250824s9999 xx 000 0 und d
245 0 _aMİMAR SİNAN VE ÇIRAĞI
_cEDA BİLDEK
260 _bGENÇ HAYAT
999 _c799014
_d799014